00847nam a2200217 a 450000100060000000300090000600800410001502000150005604000280007108200150009910000190011424500780013326000520021130000140026349000260027750502290030365000330053265000230056565000160058865000250060416510CO-ViMGA141112s2004 ck r 000 u spa d a9681657721 aCO-ViMGAbspacCO-ViMGA04a530.1 H1291 aHacyan, Shahen10aLos hoyos negros y la curvatura del espacio - tiempo - Ciencia para todos aMexico : bFondo de cultura económica, c1998 a128.p.il. aLa ciencia para todos aLa gravitación universal La teoria de la relatividad de Einstein La muerte de las estrellas La detección de los hoyos negros Un viaje por los hoyos negros (y blancos)Hoyos negros , termodinámica y mecánica cuántica14aAGUJEROS NEGROS - ASTRONOMIA14aESPACIO Y SOCIEDAD14aGRAVITACION14aRELATIVIDAD - FISICA